| 000 | 00626nam a2200217Ia 4500 | ||
|---|---|---|---|
| 001 | 11321 | ||
| 003 | GE_BSU | ||
| 008 | 181216s||||||||xx |||||||||||||| ||und|| | ||
| 040 | _cGE_BSU | ||
| 080 | _a539.18 | ||
| 100 | _aპოლიტოვი ნ. | ||
| 245 | _aატომი. ბირთვი. ენერგია | ||
| 245 | _cრედ: მ. მირიანაშვილი | ||
| 260 | _aთბილისი | ||
| 260 | _bცოდნა | ||
| 260 | _c1957 | ||
| 300 | _a221გვ.22სმ. | ||
| 300 | _eილ. | ||
| 653 | _aატომი. ბირთვი. ენერგია | ||
| 942 | _cBK | ||
| 999 |
_c44518 _d44518 |
||